On This Day: April 7th II Quiz Stats

 Plays Quiz Updated Apr 7, 2018

Score 0/7 Timer 03:00
0 Plays Today
Question Answer Wrong Answers
US President Dwight D. Eisenhower gives his ‘______’ speech, positing that if one country in a region came under the influence of communism, then the surrounding countries would follow.
1954
Domino Theory
89.9%
Poker Theory
1.6%
Chess Theory
4.4%
Backgammon Theory
1.7%
This American director and screenwriter, known for directing films like ‘The Godfather’ and ‘Apocalypse Now’, is born.
1939
Francis Ford Coppola
77.6%
Martin Scorsese
16.2%
George Lucas
1.3%
Stanley Kubrick
4.1%
Dom Pedro I, the founder and first ruler of the Empire of ______, returns to his native Portugal to become King Pedro IV.
1831
Brazil
68.4%
Spain
23.1%
Ghana
2.9%
Haiti
5.5%
This Rodgers and Hammerstein musical, which features two parallel love stories threatened by prejudice and war, opens on Broadway, eventually winning ten Tony Awards.
1949
South Pacific
67.7%
Oklahoma!
8.9%
Guys and Dolls
17.7%
Hello, Dolly!
3.6%
At the Algeciras Conference, Spain and ______ gain control over Morocco.
1906
France
60.7%
Germany
2.8%
Algeria
26.4%
Italy
9.7%
Protests against the parliamentary election in ______ occur across the country, with a riot erupting in the capital city of Chisinau.
2009
Moldova
52%
Estonia
11.7%
Romania
16.8%
Belarus
16.7%
This educator, author, and advisor to Presidents becomes the first African American to be depicted on a US postage stamp.
1940
Booker T. Washington
50.6%
W. E. B. Du Bois
31.5%
Harriet Tubman
12.5%
Ida B. Wells
4%

You're not logged in!

Compare scores with friends on all Sporcle quizzes.
OR
Log In

You Might Also Like...

Show Comments

Extras

Top Quizzes Today


Score Distribution

Your Account Isn't Verified!

In order to create a playlist on Sporcle, you need to verify the email address you used during registration. Go to your Sporcle Settings to finish the process.

Report this User

Report this user for behavior that violates our Community Guidelines.

Details: